Propuesta tipológicas de equipamiento básico municipal para centros poblados secundarios en la zona del Pacífico
La presente tesis significa un documento guía para la realización de los diseños experimentales de alcaldía y mercado, que en este caso particular, se realizaron en el municipio de Nindirí. El texto presentado trata de ser lo más gráfico y explicativo posible presenta modelos nacionales e int...
| Main Authors: | , |
|---|---|
| Other Authors: | |
| Format: | Tesis Section = Libro |
| Language: | Undetermined Spanish |
| Published: |
Managua
UNI
1998
|
| Subjects: |
| LEADER | 01329nam a2200253Ia 4500 | ||
|---|---|---|---|
| 008 | 240830s9999 xx 000 0 und d | ||
| 040 | |a BIBLIOTECA-RUSB/ Mon 729 A658 | ||
| 041 | |a spa | ||
| 082 | |a Mon 729 A658 | ||
| 100 | 1 | |a Araúz Argueta, Isolina del Socorro | |
| 100 | 1 | |b Coronado Samcam, Juan Carlos | |
| 245 | 1 | 0 | |a Propuesta tipológicas de equipamiento básico municipal para centros poblados secundarios en la zona del Pacífico |
| 260 | |a Managua |b UNI |c 1998 | ||
| 300 | |a 230 p. :il. | ||
| 502 | |a Tesis (Arquitecto) - UNI, 1998. | ||
| 520 | 3 | |a La presente tesis significa un documento guía para la realización de los diseños experimentales de alcaldía y mercado, que en este caso particular, se realizaron en el municipio de Nindirí. El texto presentado trata de ser lo más gráfico y explicativo posible presenta modelos nacionales e internacionales de este tipo de edificación. Es un aporte significativo a la literatura básica en estudios superiores referidos a la materia. | |
| 650 | 7 | |a DISEÑO ARQUITECTÓNICO | |
| 650 | 7 | |b CONSTRUCCIÓN DE EDIFICIOS COMERCIALES - MERCADO | |
| 650 | 7 | |c EDIFICIOS PARA ESPARCIMIENTO - PARQUES | |
| 650 | 7 | |d CONSTRUCCIONES PÚBLICAS - ALCALDÍA I | |
| 700 | 1 | |a Tutor: |b Medrano Aguirre, Pablo José | |
| 942 | |c BK |2 ddc | ||
| 991 | |a TESIS | ||
| 999 | |c 21526 | ||